Култура и памет (Запис номер 55631)
[ съкратено ]
| 000 -Лидер | |
|---|---|
| Контролно поле с фиксирана дължина | 02847nam a2200481 c 4500 |
| 003 - Код на организацията, давaща контролен номер | |
| Контролно поле | BLK |
| 005 - Дата и час на последна редакция | |
| Контролно поле | 20250118135453.0 |
| 008 - Елементи от данни с фиксирана дължина | |
| fixed length control field | 180408b bul|||||r ||||||| ||bul|| |
| 010 ## - Наследен системен номер | |
| LC control number | KNG00059602000 |
| 020 ## - Международен стандартен номер на книга ISBN | |
| Международен стандартен номер на книга ISBN | 978-954-92002-6-3 |
| -- | издат.: Нар. библ. П. Р. Славейков |
| 040 ## - Източник на каталожния запис | |
| Идентификатор на билиотеката - собственик на записа | BLK |
| 041 ## - Код за език | |
| Код за езика на текст/звукозапис или на отделно заглавие | Български |
| Код за езика КДБФ | Български |
| 072 #7 - Код за тематичната категория | |
| Код организация | bullib |
| Код за тематична категория | Н00 |
| Текст | Общ отдел Н |
| 080 ## - УДК | |
| Текстов определител УДК | Окръжни библиотеки. Областни библиотеки. Регионални библиотеки |
| УДК код - определител по УДК | 027.53 |
| УДК определител | (497.216) |
| УДК - код + определител | 027.53(497.216) |
| 080 ## - УДК | |
| Текстов определител УДК | Сбирки. Експониране. Подразделят се със знак за отношение |
| УДК код - определител по УДК | 069.5 |
| УДК определител | .02:73/76(497.216) |
| УДК - код + определител | 069.5.02:73/76(497.216) |
| 139 ## - Редно поле | |
| Редна дума | Народна библ. Петко Р. Славейков. В. Търново |
| Авторски знак | Наро - Н 25 |
| 245 10 - Сведения за заглавието | |
| Заглавие | Култура и памет |
| Подзаглавни данни | 120 г. от създаването на Нар. библ. "Петко Р. Славейков" - В. Търново |
| Редно поле (дума) | състав. Иван Александров; ред. Живка Василева Радева. |
| 257 ## - Страна на издаване | |
| Страна на създаване/издаване | България |
| 260 ## - Област на издателските данни | |
| -- | В. Търново |
| Име на издателя, разпространителя и проч. | Нар. библ. П. Р. Славейков |
| Година на издаване | 2010 |
| Печатница | София : Вулкан |
| 300 ## - Физическа характеристика | |
| Страници | 84 с. |
| Илюстрации и др. | с ил. |
| Размери/Мащаб | 22 см |
| 380 ## - Жанр | |
| Жанр | Общ отдел |
| 490 1# - СЕРИИ (Колекции) | |
| Име на серия | Поредица Духовност и съвремие |
| №: серия | 2 |
| 500 ## - Общи забележки | |
| Забележка | Библиогр. с. 24, с. 70-72. - Съдържа: Библиотеката като галерия - поглед отвътре / Живка Радева. Изданията на Народна библиотека "Петко Славейков" - хронологичен преглед и тематични аспекти / Иван Александров. |
| 650 #0 - Допълнително описание по предмет – тема | |
| Основно описание – тема или топоним | Библиотеки - България - история |
| 9 (RLIN) | 265402 |
| 650 #4 - Допълнително описание по предмет – тема | |
| Основно описание – тема или топоним | Изобразително изкуство - галерии, изложби, колекции, музеи |
| 9 (RLIN) | 286335 |
| 651 #4 - Допълнително описание по предмет - топоним | |
| Географско понятие | Велико Търново |
| 9 (RLIN) | 178697 |
| 651 #4 - Допълнително описание по предмет - топоним | |
| Географско понятие | България |
| 9 (RLIN) | 241624 |
| 653 ## - Ключова дума – ненормативна | |
| Ключова дума | Народна библиотека П. Р. Славейков |
| 653 ## - Ключова дума – ненормативна | |
| Ключова дума | библиотеки |
| 653 ## - Ключова дума – ненормативна | |
| Ключова дума | история |
| 653 ## - Ключова дума – ненормативна | |
| Ключова дума | издателско дело |
| 653 ## - Ключова дума – ненормативна | |
| Ключова дума | изобразително изкуство |
| 659 ## - Тематичен бюлетин | |
| Тематичен бюлетин | Н |
| 700 1# - Други автори (авторска отговорност) | |
| Лично име | Александров, Иван |
| Автороска отговорност (Описва отношението между автора и произведението) | състав. |
| Друга информация | Ангелов, Иван Александров |
| 9 (RLIN) | 367416 |
| 700 1# - Други автори (авторска отговорност) | |
| Лично име | Радева, Живка Василева |
| Автороска отговорност (Описва отношението между автора и произведението) | ред. |
| 9 (RLIN) | 368950 |
| 710 1# - Име на организация или юридическо лице като допълнителен термин за търсене | |
| Наименование на организация или юридическо лице като редна дума | Народна библ. Петко Р. Славейков. В. Търново |
| 9 (RLIN) | 286334 |
| 852 ## - Местоположение | |
| Форматна сигнатура | Цб 252329 |
| 856 4# - Електронен адрес и достъп | |
| Електронен формат | pdf - файл |
| Път до файла /url/ | |
| 856 4# - Електронен адрес и достъп | |
| Електронен формат | pdf - файл |
| Път до файла /url/ | |
| 942 ## - АРТИКУЛИ | |
| Вид на библиотечния материал | Книги |
| Скрит в OPAC | Не |
| 944 ## - СЪЗДАВАНЕ И РЕДАКЦИЯ на ЗАПИСА | |
| Създаване/Редакция | Създаване |
| Дата на регистрацията/редакция | 14.07.2011 |
| Статус, дата на статуса | Геновева Генчева |
| Служител, извършил регистрацията/редакцията | 30560 |
| 944 ## - СЪЗДАВАНЕ И РЕДАКЦИЯ на ЗАПИСА | |
| Създаване/Редакция | Редакция |
| Дата на регистрацията/редакция | 13.04.2017 |
| Статус, дата на статуса | ф / |
| Служител, извършил регистрацията/редакцията | Людмила_Стоянова |
| 999 ## - СИСТЕМНИ КОНТРОЛНИ НОМЕРА | |
| Koha biblionumber | 55631 |
| Koha biblioitemnumber | 55631 |
| Код за отписване | Код за изгубен артикул | Код за повреда | Коз за рестрикции | Код за отдаване | Артикулен № | Име на библиотеката - собственик | Име на библиотеката, в която се намира в момента | Статус (Текущо местоположение) | Дата на вписване в системата | Местоположение - отдел | Цена в лева | Инвентарен номер | Систематично азбучна сигнатура | Баркод | Номер на екземпляра | Цена в евро | Служебна бележка | Служебен тип на артикула | Източник на класификационната схема |
|---|---|---|---|---|---|---|---|---|---|---|---|---|---|---|---|---|---|---|---|
| Не е изгубен | Не е повреден | без рестрикции | ползва се в читалня | 87535 | Регионална библиотека "Любен Каравелов" Русе | Регионална библиотека "Любен Каравелов" Русе | Хранилище | 2011-07-15 | Хранилище | 6.00 | 120000751947 | Цб 252329 | 120000751947 | 1 | 3.07 | Дост: Dp Вид: Д N: 5 Дата: 31.01.2011 | Книги | ||
| Не е изгубен | Не е повреден | само за читалня | ползва се в читалня | 87536 | Регионална библиотека "Любен Каравелов" Русе | Регионална библиотека "Любен Каравелов" Русе | СБИД | 2017-03-30 | СБИД | 6.00 | 120000809584 | С 02/Н 25 | 120000809584 | 2 | 3.07 | Дост: DA Вид: А N: 15 Дата: 30.03.2017 Дата инв: 08.06.2017 Бележки инв: С2017 | Книги | Universal Decimal Classification |